[Event "Calvia Amateur op 11th"]
[Site "Calvia"]
[Date "2014.10.08"]
[Round "5"]
[White "Al Khouri, Ismaeil E"]
[Black "Jouanneaud, Jean Daniel"]
[Result "1/2-1/2"]
[WhiteElo "2094"]
[BlackElo "1960"]
[PlyCount "53"]
[EventDate "2014.10.04"]
[EventType "swiss"]
[EventRounds "9"]
[EventCountry "ESP"]
[SourceTitle "EXT 2015"]
[Source "ChessBase"]
[SourceDate "2014.11.20"]
[SourceVersion "1"]
[SourceVersionDate "2014.11.20"]
[SourceQuality "1"]

1. Nf3 f5 2. d3 d6 3. Nbd2 Nf6 4. e4 e5 5. c3 Be7 6. Qb3 h6 7. Be2 Na6 8. Nh4 Nc5 9. Qc2 fxe4 10. dxe4 Be6 11. b4 Ncd7 12. Ng6 Rg8 13. Bc4 Nf8 14. Nxf8 Bxc4 15. Nxc4 Rxf8 16. 0-0 Nh5 17. Ne3 Qc8 18. Qa4+ Kf7 19. Qb3+ Kg6 20. Nc4 Qe6 21. Ne3 Qxb3 22. axb3 Nf4 23. Ra2 Bg5 24. Rd1 Ne6 25. Nd5 Kf7 26. Ra1 a6 27. f3 1/2-1/2

[Event "Calvia Amateur op 11th"]
[Site "Calvia"]
[Date "2014.10.07"]
[Round "4"]
[White "Jouanneaud, Jean Daniel"]
[Black "Khouri, Ibrahim Mohamed"]
[Result "1/2-1/2"]
[WhiteElo "1960"]
[BlackElo "2191"]
[PlyCount "34"]
[EventDate "2014.10.04"]
[EventType "swiss"]
[EventRounds "9"]
[EventCountry "ESP"]
[SourceTitle "EXT 2015"]
[Source "ChessBase"]
[SourceDate "2014.11.20"]
[SourceVersion "1"]
[SourceVersionDate "2014.11.20"]
[SourceQuality "1"]

1. e4 c5 2. Nc3 d6 3. f4 Nc6 4. Nf3 g6 5. Bc4 Bg7 6. 0-0 Nf6 7. d3 0-0 8. h3 a6 9. a3 b5 10. Ba2 Bb7 11. g4 Nd7 12. h4 Nf6 13. Ng5 Qd7 14. f5 Ne5 15. h5 d5 16. hxg6 hxg6 17. Bf4 Nfxg4 1/2-1/2

[Event "Paris-ch op-A 89th"]
[Site "Paris"]
[Date "2014.07.05"]
[Round "1"]
[White "Jouanneaud, Jean Daniel"]
[Black "Rene, Benoit"]
[Result "1-0"]
[WhiteElo "1973"]
[BlackElo "2265"]
[PlyCount "71"]
[EventDate "2014.07.05"]
[EventType "swiss"]
[EventRounds "9"]
[EventCountry "FRA"]
[SourceTitle "EXT 2016"]
[Source "ChessBase"]
[SourceDate "2015.10.08"]
[SourceVersion "1"]
[SourceVersionDate "2015.10.08"]
[SourceQuality "1"]

1. f4 g6 2. Nf3 Bg7 3. g3 d5 4. d3 d4 5. Bg2 Nh6 6. 0-0 Nf5 7. Qe1 Nc6 8. Na3 0-0 9. Nc4 Be6 10. Na5 Nxa5 11. Qxa5 b6 12. Qe1 c5 13. c3 Rc8 14. g4 Nd6 15. Qh4 dxc3 16. bxc3 f6 17. Bb2 Qd7 18. h3 Qb5 19. Bc1 Qa4 20. Bd2 Bf7 21. e4 Qc2 22. e5 Nb5 23. d4 Nxc3 24. Qe1 Ne4 25. e6 Bxe6 26. Ng5 Nxg5 27. fxg5 Bc4 28. Rc1 Qxa2 29. Ra1 Qc2 30. Rxa7 Rce8 31. Rf2 fxg5 32. Rxf8+ Bxf8 33. dxc5 bxc5 34. Bc3 Qe2 35. Bd5+ e6 36. Bxc4 1-0